History Quiz

Random History or War Quiz

Modern Destroyers Picture Quiz Stats

 Plays Quiz not verified by Sporcle

Score 0/10 Timer 10:00
0 Plays Today
% Correct
Arleigh Burke Class
80.5%
Zumwalt Class
75.6%
Daring Class
53.7%
Horizon Class
39%
Kongo Class
31.7%
Iroquois Class
26.8%
Udaloy Class
24.4%
Sejong the Great Class
19.5%
Delhi Class
19.5%
Type 052C
17.1%

You're not logged in!

Compare scores with friends on all Sporcle quizzes.
OR
Log In

Show Comments

Extras

Top Quizzes Today


Score Distribution

Your Account Isn't Verified!

In order to create a playlist on Sporcle, you need to verify the email address you used during registration. Go to your Sporcle Settings to finish the process.

Report this User

Report this user for behavior that violates our Community Guidelines.

Details: